000 01920nam a2200229Ia 4500
003 Ost
005 20260507075057.0
008 260507s9999||||xx |||||||||||||| ||und||
040 _cfsecg
041 _aara
082 _a657.835
100 _aكراجة، عبد الحليم محمود
_eمؤلف
245 0 _aالمحاسبة الحكومية بين النظرية والتطبيق /
_c عبد الحليم محمود كراجة
260 _aاربد:
_bدار الأمل,
_c1997
300 _a214 صفحة؛
_bإيضاحات ؛
_c24 سم
490 _aمراجع المحاسب
_v3
504 _aالمراجع ص.211
520 _aمدخل في المحاسبة الحكومية،الموازنة العامة للدولة،القواعد الأساسية للموازنة وتعريفها،تبويب الموازنة العامة،تطور الموازنة العامة للدولة،الموازنة العامة في الأردن،إعداد الموازنة العامة،النظام المحاسبي الحكومي،الرقابة الداخلية،الرقابة على المتحصلات النقدية وغير النقدية،الرقابة الداخلية للديون الحكومية والدفاتر ذات القيمة،الرقابة على مخازن الدولة،الحسابات الوسيطة،تدقيق حسابات البنك،التسويات المحاسبية،تصحيح الأخطاء-الرقابة على تنفيذ الموازنة العامة للدولة،رقابة وزارة المالية،رقابة ديوان المحاسبة،رقابة السلطة التشريعية،الحساب الختامي للدولة
653 _aالاردن - الموازنة العامة
653 _aالمحاسبة الحكومية
942 _cكتاب
999 _c42749
_d42749